Kraje z największą liczbą satelitów w kosmosie w 2020 - Statystyki

Ogólne statystyki
  • Ten quiz został rozwiązany 379 razy
  • Średni wynik to 6 z 7
Statystyki odpowiedzi
Liczba satelit Kraj % Poprawnych
1308 Stany Zjednoczone
100%
356 Chiny
99%
167 Rosja
99%
39 Kanada
83%
78 Japonia
82%
58 Indie
79%
130 Wielka Brytania
74%
Nie znaleziono quizów pasujących do podanych kryteriów
Rozkład punktacji
Procent ludzi z każdym wynikiem
Percentyl według liczby udzielonych odpowiedzi
Twoja historia wyników
Nie rozwiązałeś tego quizu